00921nam a2200265 a 450000500170000000800410001701000140005802000260007202000230009803500130012103700150013404000180014908200120016710000250017924500610020426000510026530000320031650000200034865000270036865000470039565000260044294200260046899900170049495201440051119900720100950.3891020s1990 nyua b 001 0 eng  aENG-92187 a9780070139688c495.00 a0070139688c495.00 aEN-75720 bDBAD / PUB adplbEnglish  a005.756 aLairson, Michael D.  aOracle CRM on demand reporting /cby Michael D. Lairson  aNew Delhi bTata McGraw-Hill Publishing c2009 axviii, 474p. c25 cm (pbk)  aIncludes index  aOracle (Computer file) aBusiness report writing xData processing. aRelational databases. 2ddccENmLAIh005.756 c19815d19815 00102ddc40718NFICaDBADbDBADd2008-12-15eDBAD / PUBg495.00l0o005.756 LAIpEN-75720r2008-12-15 00:00:00t1v495.00w2008-12-15yEN